000 00886cam a2200289 a 4500
001 205499
003 ARRUPE
005 20161017145114.0
008 840224c19831981tz b 000 0 eng d
020 _a997610006X
035 _a(OCoLC)11359288
035 _a(OCoLC)ocm11359288
035 _a(CStRLIN)NYCG84-B10626
035 _a(NNC)205499
040 _aNBiSU
_cNBiSU
043 _af-tz---
050 _aHD5660.T35M54 1983
090 _aHD8797
_b.M53 1983
100 1 _aMihyo, Paschal B.
_926814
245 1 0 _aIndustrial conflict and change in Tanzania /
_cby Paschal B. Mihyo.
260 _aDar es Salaam :
_bTanzania Publishing House,
_c1983,
300 _a189 p.;
_c21 cm.
504 _aIncludes bibliographical notes.
650 0 _aIndustrial management
_xEmployee participation
_xLaw and legislation
_zTanzania.
_926815
942 _2lcc
_cMONOGRAPH
999 _c125529
_d125529